| 000 | 00775nam a22002177a 4500 | ||
|---|---|---|---|
| 003 | UA-OsUOA | ||
| 001 | 76432 | ||
| 007 | ta | ||
| 008 | 20110705b un ||||| |||| 00| 0 ukr d | ||
| 100 | _aЗайцев Ю. | ||
| 090 |
_a330 _bЗ-17 |
||
| 942 | _cSA | ||
| 040 |
_aUA-OsUOA _bukr _cUA-OsUOA _dUA-OsUOA |
||
| 245 | _aСубстантивістська школа, або політична економія Карла Поланьї, та її місце у пізнанні природи сучасних чинників економічного розвитку | ||
| 300 | _aС.3-13 | ||
| 955 | _a0 | ||
| 041 | _aukr | ||
| 080 | _a330 | ||
| 773 | 0 |
_w76431 _tУкраїна: аспекти праці _dК. _d2011 _g4 |
|
| 650 | 7 |
_a330 Економіка взагалі _2UDC |
|
| 999 |
_c362735 _d362735 |
||